Použitie kancelárskeho počítača TEXT 01 Kurz

Enregistré dans:
Détails bibliographiques
Auteur principal: Binder, Július
Autres auteurs: Pauer, Daniel
Format: Livre
Langue:slovaque
Publié: Bratislava Dom techn. ČSVTS 1988
Édition:1. vyd.
Tags: Ajouter un tag
Pas de tags, Soyez le premier à ajouter un tag!

MARC

LEADER 00000nam a2200000 4500
001 c034591
005 20250609120258.8
041 0 |a slo 
044 |a SK 
245 1 0 |a Použitie kancelárskeho počítača TEXT 01  |b Kurz  |c Július Binder, Daniel Pauer 
250 |a 1. vyd. 
264 1 |a Bratislava  |b Dom techn. ČSVTS  |c 1988 
300 |a 118 s. 
100 1 |a Binder, Július 
700 1 |a Pauer, Daniel